| 000 | 00000nam##2200000za#4500 |
| 001 | 9.696494 |
| 003 | CaOODSP |
| 005 | 20210624235047 |
| 007 | cr ||||||||||| |
| 008 | 150407|2000||||xxc|||||o f|0| 0 eng|d |
| 040 | |aCaOODSP|beng |
| 043 | |an-cn--- |
| 086 | 1 |aH34-105/2000-3-3E-PDF |
| 110 | 1 |aCanada.|bHealth Canada. |bMedical Services Branch. |
| 245 | 10|aTraining plan - 3C |h[electronic resource] |
| 246 | 3 |aFirst Nations and Inuit home and community care planning resource kit |
| 260 | |aOttawa - Ontario : |bHealth Canada. |cc2000. |
| 300 | |a62p.|bfigs., tables, photographs |
| 500 | |aThe catalogue number (H34-105/2000-3-3E) and ISBN (0-662-28521-2) for the print edition have been incorrectly copied in this electronic publication. |
| 590 | |a12-35-Supp|b2012-08-09 |
| 690 | 07|aIndigenous affairs|2gcpds |
| 690 | 07|aHealth care|2gcpds |
| 775 | 08|tPlan de formation - 3C |w(CaOODSP)9.640608 |
| 856 | 40|ahttp://publications.gc.ca|qPDF|s1.13 MB|uhttps://publications.gc.ca/collections/Collection/H34-105-2000-3-3E.pdf |